MDQL
is popping MORE tags! Check the
thread
!
Quizzes
Events
Quiz Creation
Community
Videos
Private Events
Remove Ads
Sign In
Join for FREE
Feedback
Dark Mode
Quiz Categories
Sports
Geography
Music
Movies
Television
Just For Fun
Miscellaneous
History
Literature
Language
Science
Gaming
Entertainment
Religion
Holiday
For Kids
Quiz Lab
Recent
Popular Today
Quiz Kudos Today
Editor Picks
Curator Picks
Quizzes by...
Day
Popularity
Type
Ratings
Length
Year
Community
Subscriptions
Recent Discussions
Orange Saloon
Badges
Playlists
Quests
Create
Leaderboards
Showdown
Live 5
Trivia Bingo
Activity
Puzzle Library
Sporcle Events
Private Events
Virtual Trivia
Globe League
Become a Host
Pub Owners
SporcleCon
Opinionation
Our Games
Videos
Blog
Mobile Apps
Partnerships
Remove Ads and Go Orange
Feedback
History
US Presidents
World Leaders
Politics
Nation
Discovery
War
Decade
Year
Century
Biography
Art
History
US Presidents
World Leaders
Politics
Nation
Discovery
War
Decade
Year
Century
Biography
Art
Random Quiz
Search Sporcle
×
Quiz Lab
Quiz Lab
History
World History
Type in answers that appear in a list
Type in answers that appear in a list
Classic
Best Score? Go Orange.
Guess the year Stats
Can you guess the year these events took place
By
elliotturnock
4m
20 Questions
221 Plays
221 Plays
221 Plays
Comments
Comments
Give Quiz Kudos
Give Quiz Kudos
-
- Ratings
hide this ad
Random Order
Randomize order of answers
Randomize order of answers
Replay
Link that replays current quiz
Next Quiz
Link to next quiz in quiz playlist
You Got
0%
They Got
Avg Score
64%
Avg Friend Score
Upgrade to see
Score Distribution
Jump to the score distribution portion of the page
Score
0/20
Timer
04:00
0
Plays Today
event
year
% Correct
WW2 over
1945
91.4%
WW1 declared
1914
89.6%
WW1 over
1918
89.6%
obama becomes first black US president
2008
88.2%
Man lands on the moon
1969
87.8%
S.S. Titanic sinks
1912
87.3%
President Kennedy Assasinated
1963
86%
WW2 declared
1939
85.1%
Chernobyl
1986
77.4%
first man in space
1961
69.7%
event
year
% Correct
American declaration of independence
1776
68.3%
'Flight' achieved
1903
61.1%
Jewish state of israel becomes existent
1948
58.4%
American Civil war starts
1861
49.3%
first Mickey Mouse films produced
1928
49.3%
personal computer invented
1981
44.8%
Last time UK was invaded
1066
36.7%
radio invented
1895
27.1%
England and Scotland unite to form 'Great Britain'
1707
23.1%
birth of Christ
0
21.3%
Quiz Playlist
Details
Report
Send in Message
Add To Playlist
Classic:
Type in answers that appear in a list
Random Order:
Randomize order of answers
Last Updated: Feb 16, 2017
Quiz Scoreboard
CHALLENGE
Sign Up to Join the Scoreboard
Show All
Scores
Hide
Comments
May contain spoilers
Recently Published
Image Sorting: Flags VI
by Barbecue
Geography
2m
Find the 'City' Movie
by crazypaving
Movies
60s
5x2 Blitz: Bands
by SL_Kpop136
Music
30s
More to Explore
Quiz From the Vault
Featured Blog Post
14 Easter Pick-up Lines to Find Eggs With
hide this ad
You Might Also Like...
Tags
World History
Today's Top Quizzes in History
Browse History
hide this ad
Today's Top Quizzes in World History
Browse World History
Top Contributed Quizzes in History
1
I Am Born On March 29th
2
Order Up: 1000 Years of World Events I
3
Popular People in 1951
4
US National Parks Named After People
5
Popular People in 1991
6
Popular People in 1941
7
Popular People in 1981
8
Popular People in 1921
9
Popular People in 1986
10
Popular People in 1976
Explore More
Trending Topics
Marvel
Harry Potter
Anime
Crossword
Kpop
NBA
Disney
Puzzle
NFL
WWE
Song
Country
Pokémon
Soccer
The Office
hide this ad
More By:
elliotturnock
Quiz
Plays
Rating
Category
Featured
Created
guess the year
221
3.00
History
Oct 12, 2014
Go to Creator's Profile
Score Distribution
Quiz Creator Spotlight
elliotturnock
Follow
Send a Message
Quizzes Created
-
Created Quiz Play Count
-
More By This Creator
Popular Quizzes Today
1
Colored Red Africa Blitz
2
Find the US States - No Outlines Minefield
3
Find the 'City' Movie
4
5x2 Blitz: Bands
5
The Countries of the World
6
Find the US States
7
Find the Countries of Europe - No Outlines Minefield
8
US States
More History Quizzes
75th Anniversary of the Attack on Pearl Harbor
Published
Trending Quizzes
Colored Red Europe Blitz I
Colored Red Europe Blitz II
Colored Red Africa Blitz II
Colored Red Europe Blitz III
Colored Red Africa Blitz III
Recently Updated
How Do You Spell That?
pecheneg
Godzilla Movies
pecheneg
Grab Bag: 4-10 Letters
pecheneg
2024 March Madness Bracket
pecheneg
Famous TV Couples
Peacemaker
Champions League XIs: Real Madrid
pecheneg
Largest US Cities 1790-2010
pecheneg
Rides in Walt Disney World
pecheneg
Most Oscar Losses (Acting)
pecheneg
Beyoncé Albums
pecheneg
Trending Topics
Kpop
Harry Potter
Anime
Crossword
Disney
NBA
Marvel
Country
Soccer
NFL
Puzzle
The Office
Song
WWE
Pokémon
Your Account Isn't Verified!
In order to create a playlist on Sporcle, you need to verify the email address you used during registration. Go to your
Sporcle Settings
to finish the process.
Report this User
Report this user for behavior that violates our
Community Guidelines
.
Details:
Send Report
Go to the Sporcle.com Mobile Site →
Comments